[Event "Challenge"]
[Site "http://www.queenalice.com/game.php?id=1291762"]
[Date "2014.7.1"]
[Round "-"]
[White "Fauquinelle"]
[Black "axedre"]
[Result "0-1"]
[WhiteElo "2041"]
[BlackElo "2031"]

1. e4 e5 2. Nc3 Nf6 3. Bc4 Nc6 4. d3 Na5 5. b3 c6 6. Nf3 d6 7. d4 Bg4 8. Be2
Bxf3 9. Bxf3 Be7 10. dxe5 dxe5 11. O-O O-O 12. Qe1 Qc7 13. Bd2 b6 14. g3 Nb7 15.
Bg2 Nd7 16. f4 f6 17. a3 Rad8 18. Nd1 Ndc5 19. Ne3 Nd6 20. fxe5 Ndxe4 21. exf6
Bxf6 22. Rd1 h6 23. Ng4 Bd4+ 24. Be3 Rxf1+ 25. Qxf1 Bxe3+ 26. Nxe3 Rxd1 27. Nxd1
Qe5 28. b4 Ne6 29. Qc4 Nd2 30. Qxc6 Qe1+ 0-1

[Event "Challenge"]
[Site "http://www.queenalice.com/game.php?id=1291763"]
[Date "2014.7.1"]
[Round "-"]
[White "axedre"]
[Black "Fauquinelle"]
[Result "1-0"]
[WhiteElo "2015"]
[BlackElo "2139"]

1. e4 e5 2. Nf3 Nc6 3. Bc4 Bc5 4. c3 Nf6 5. d4 exd4 6. cxd4 Bb4+ 7. Nc3 Nxe4 8.
O-O Nxc3 9. bxc3 d5 10. Re1+ Be7 11. Bb5 O-O 12. Bf4 Bd7 13. Qd3 a6 14. Ba4 Na5
15. Bc2 Nc4 16. Qxh7# 1-0

[Event "Challenge"]
[Site "http://www.queenalice.com/game.php?id=1334498"]
[Date "2015.1.12"]
[Round "-"]
[White "Zoe"]
[Black "axedre"]
[Result "1-0"]
[WhiteElo "1980"]
[BlackElo "2089"]

1. d4 f5 2. Bg5 g6 3. Nc3 Nf6 4. h4 Bg7 5. Qd2 d6 6. f3 Nc6 7. e4 O-O 8. Bh6
Bxh6 9. Qxh6 Nxd4 10. O-O-O e5 11. Bc4+ Kh8 12. Nh3 fxe4 13. Nxe4 Nxe4 14. fxe4
Bxh3 15. Rxh3 Qf6 16. Rg3 Qf4+ 17. Qxf4 Rxf4 18. c3 Nc6 19. Rf3 Raf8 20. Rdf1
Ne7 21. Be2 c6 22. g3 Rxf3 23. Bxf3 d5 24. exd5 cxd5 25. Kd2 h6 26. Ke2 b6 27.
Rd1 Rd8 28. c4 e4 29. Bg4 d4 30. Be6 Kg7 31. b4 Kf6 32. Bh3 Ke5 33. a3 Nf5 34.
Kf2 1-0

[Event "Challenge"]
[Site "http://www.queenalice.com/game.php?id=1334503"]
[Date "2015.1.12"]
[Round "-"]
[White "axedre"]
[Black "Zoe"]
[Result "1-0"]
[WhiteElo "2069"]
[BlackElo "2058"]

1. e4 e6 2. d4 d5 3. e5 c5 4. c3 Qb6 5. Nf3 Bd7 6. a3 Bb5 7. c4 dxc4 8. Nc3 Ba6
9. d5 exd5 10. Qa4+ Nc6 11. Nxd5 Qd8 12. Bxc4 Bxc4 13. Qxc4 a6 14. Bg5 Be7 15.
Rd1 Bxg5 16. Nf6+ 1-0

[Event "Challenge"]
[Site "http://www.queenalice.com/game.php?id=1334504"]
[Date "2015.1.12"]
[Round "-"]
[White "ORNELAS"]
[Black "axedre"]
[Result "0-1"]
[WhiteElo "1781"]
[BlackElo "2057"]

1. Nf3 f5 2. d4 Nf6 3. d5 g6 4. Ne5 d6 5. Nf3 Bg7 6. c4 O-O 7. Bg5 Ne4 8. Nbd2
Nxg5 9. g3 Nxf3+ 10. Nxf3 Bxb2 11. Rb1 Bc3+ 12. Nd2 c5 13. Rb3 Qa5 14. Bg2 Bxd2+
15. Kf1 Bh6 16. Qc2 Na6 17. Bf3 Nb4 18. Qb1 Qxa2 19. Qd1 Bd7 20. Kg2 Ba4 21. Qb1
Qxb3 22. Qe1 Qxc4 23. Qa1 b5 24. Qb1 Bc2 25. Qb2 Be4 26. Bxe4 Qxe4+ 27. Kg1 a5
28. h4 a4 29. Kh2 f4 30. Rg1 a3 31. Qa1 a2 32. Kh3 Bg7 33. e3 Bxa1 34. Rxa1 fxg3
35. fxg3 Qb1 36. Rxb1 axb1=Q 37. e4 h5 38. e5 Qh1# 0-1

[Event "First Game"]
[Site "http://www.queenalice.com/game.php?id=1339755"]
[Date "2015.2.6"]
[Round "-"]
[White "Paulobraz"]
[Black "axedre"]
[Result "0-1"]
[WhiteElo "1839"]
[BlackElo "2062"]

1. e4 e5 2. Nf3 Nc6 3. Bc4 Nf6 4. Ng5 d5 5. exd5 Na5 6. Bb5+ c6 7. dxc6 bxc6 8.
Ba4 h6 9. Nf3 e4 10. Ne5 Bd6 11. Nxc6 Qb6 12. d4 Nxc6 13. Be3 Nd5 14. b3 O-O 15.
O-O Ba6 16. c4 Nxe3 17. fxe3 Qc7 18. Nd2 f5 19. d5 Nb4 20. a3 Nd3 21. Qh5 Qc5
22. Qe2 Bf4 23. b4 Qxe3+ 24. Qxe3 Bxe3+ 25. Kh1 Bxd2 0-1

[Event "Challenge"]
[Site "http://www.queenalice.com/game.php?id=1357901"]
[Date "2015.5.6"]
[Round "-"]
[White "axedre"]
[Black "Magogue"]
[Result "1-0"]
[WhiteElo "2087"]
[BlackElo "863"]

1. e4 e5 2. Nf3 d6 3. Nc3 Nf6 4. Bc4 Bg4 5. h3 Bh5 6. g4 Bg6 7. d3 h6 8. Qe2 a6
9. Be3 Nc6 10. O-O-O Na5 11. Nh4 1-0

[Event "Clash #1"]
[Site "http://www.queenalice.com/game.php?id=1406576"]
[Date "2016.1.28"]
[Round "-"]
[White "axedre"]
[Black "Fauquinelle"]
[Result "0-1"]
[WhiteElo "2033"]
[BlackElo "1979"]

1. e4 e5 2. Nf3 Nc6 3. Bc4 Bc5 4. c3 Nf6 5. d4 exd4 6. cxd4 Bb4+ 7. Nc3 Nxe4 8.
O-O Bxc3 9. d5 Bf6 10. Re1 Ne7 11. Rxe4 O-O 12. d6 Ng6 13. Qb3 cxd6 14. Bd2 Ne5
15. Nxe5 dxe5 16. Rae1 d6 17. f4 Bf5 18. R4e3 exf4 19. Re8 Qb6+ 20. Qxb6 axb6
21. Rxf8+ Kxf8 22. Bxf4 Be7 23. Bd5 Rb8 24. Be3 Be6 25. Bxe6 fxe6 26. Bxb6 e5
27. Rc1 Ke8 28. Kf2 Bd8 29. Be3 Kd7 30. Kf3 Rc8 31. Ke4 Rxc1 32. Bxc1 Ke6 33. a4
Bb6 34. g4 h6 35. h4 d5+ 36. Kd3 e4+ 37. Ke2 Ke5 38. b4 d4 39. Bb2 Kf4 40. a5
Ba7 41. g5 hxg5 42. hxg5 Kxg5 43. b5 Bc5 44. a6 bxa6 45. bxa6 Kf4 46. Ba3 d3+
47. Kd1 Ba7 0-1

[Event "Clash #2"]
[Site "http://www.queenalice.com/game.php?id=1406577"]
[Date "2016.1.28"]
[Round "-"]
[White "Fauquinelle"]
[Black "axedre"]
[Result "0-1"]
[WhiteElo "2043"]
[BlackElo "2015"]

1. d4 f5 2. c4 Nf6 3. g3 g6 4. Bg2 Bg7 5. Nf3 O-O 6. O-O d6 7. Nc3 Nc6 8. d5 Ne5
9. Nxe5 dxe5 10. e4 f4 11. gxf4 Nh5 12. fxe5 Bxe5 13. Bf3 Nf4 14. Kh1 Nh3 15.
Be3 Qd6 16. Bg4 Nf4 17. Nb5 Qf6 18. Bxc8 Raxc8 19. Rb1 Nd3 20. Qe2 Qh4 21. f3
Rf6 22. Bd4 Nf4 23. Qd2 Bxd4 24. Nxd4 c5 25. Ne2 Rcf8 26. Nxf4 Rxf4 27. Qe3 Qh3
28. Qg1 Rxf3 29. Rxf3 Qxf3+ 30. Qg2 Qd3 31. Rc1 Qe3 32. Rg1 Rf2 33. Qg4 Rf4 34.
Qe6+ Kf8 35. d6 Qf3+ 36. Rg2 Rxe4 37. dxe7+ Ke8 38. Qg8+ Kxe7 39. Qxh7+ Kd8 40.
h3 Re1+ 41. Kh2 Qf4+ 42. Rg3 Re2+ 0-1

[Event "Challenge"]
[Site "http://www.queenalice.com/game.php?id=1406940"]
[Date "2016.1.30"]
[Round "-"]
[White "juanzv"]
[Black "axedre"]
[Result "0-1"]
[WhiteElo "2085"]
[BlackElo "2011"]

1. f4 d5 2. Nf3 g6 3. e3 Bg7 4. Be2 Nf6 5. O-O O-O 6. c3 Nc6 7. Qe1 Qd6 8. d4
Bf5 9. Nbd2 Rfe8 10. b3 Nd8 11. Ne5 Nd7 12. Nxd7 Qxd7 13. Nf3 f6 14. Bb2 Nf7 15.
Rd1 c6 16. c4 e5 17. Qd2 exf4 18. exf4 Re6 19. Bd3 Bxd3 20. Qxd3 Rae8 21. Rfe1
Nd6 22. cxd5 cxd5 23. Kf1 Bh6 24. g3 Rxe1+ 25. Rxe1 Rxe1+ 26. Kxe1 Ne4 27. Kf1
g5 28. fxg5 fxg5 29. Kg2 Qh3+ 30. Kxh3 Nf2+ 31. Kg2 Nxd3 32. Ba3 g4 33. Ne5 Nxe5
34. dxe5 Kf7 35. Kf2 Ke6 36. Bb2 Bg7 37. Ke3 Bxe5 38. Bc1 b5 39. Kd3 Kf5 40. Ke3
h5 41. Bd2 a6 42. Kd3 Bf6 43. Be3 Ke6 44. Bc5 Be7 45. Bd4 Bd6 46. Be3 h4 47. Bf2
h3 48. Ke3 Bc5+ 49. Ke2 Bxf2 50. Kxf2 Ke5 51. Ke3 d4+ 52. Kd3 Kd5 53. Kd2 Ke4
54. Ke2 d3+ 55. Kd2 Kd4 56. Kd1 Ke3 57. Ke1 Kf3 0-1

[Event "OS INCLIVEIS"]
[Site "http://www.queenalice.com/game.php?id=1408762"]
[Date "2016.2.11"]
[Round "-"]
[White "adelio"]
[Black "axedre"]
[Result "0-1"]
[WhiteElo "1696"]
[BlackElo "2069"]

1. d4 f5 2. h4 e6 3. h5 h6 4. Nf3 Nc6 5. c4 Nf6 6. a3 d6 7. Nc3 Bd7 8. Ng5 hxg5
9. Bxg5 Be7 10. Bxf6 Bxf6 11. e3 Qe7 12. Be2 O-O-O 13. a4 Rh6 14. a5 Rdh8 15. g3
g6 16. Nb5 gxh5 17. Rxh5 Rxh5 18. Bxh5 Be8 19. Bf3 a6 20. Na7+ Nxa7 21. Bxb7+
Kxb7 22. Qb3+ Kc8 23. Ra4 Bxa4 24. Qxa4 Qd7 25. Qxd7+ Kxd7 26. Ke2 Rb8 27. Kd3
e5 28. Kc3 exd4+ 29. exd4 Nc6 30. Kd3 Bxd4 31. f3 Rxb2 32. g4 fxg4 33. fxg4 Bg7
34. Ke4 Ke6 35. Kf4 Rb3 36. Kg5 Rf3 37. Kg6 Bf6 38. g5 Ne7+ 39. Kh5 Kf5 40. Kh4
Ng6+ 41. Kh5 Rh3# 0-1

[Event "OS INCLIVES"]
[Site "http://www.queenalice.com/game.php?id=1408763"]
[Date "2016.2.11"]
[Round "-"]
[White "axedre"]
[Black "adelio"]
[Result "1-0"]
[WhiteElo "2071"]
[BlackElo "1680"]

1. e4 a6 2. d4 c5 3. Nf3 e6 4. c3 Be7 5. Be3 d6 6. dxc5 dxc5 7. Qxd8+ Kxd8 8.
Na3 b5 9. O-O-O+ Ke8 10. Be2 Nc6 11. e5 f6 12. exf6 Nxf6 13. Nd2 Nd5 14. Bf3 Bd7
15. Rhe1 b4 16. cxb4 cxb4 17. Nac4 a5 18. Ne4 Kf7 19. Ned6+ Kg8 20. Bc5 h5 21.
Bxd5 Bg5+ 22. Kb1 exd5 23. Rxd5 Bf6 24. Nb6 Rd8 25. Nb7 Bf5+ 26. Rxf5 Rh6 27.
Nxd8 Bxd8 28. Re8+ Kh7 29. Nd7 Bf6 30. Nxf6+ gxf6 31. Re6 Ne5 32. Rfxf6 Ng4 33.
Rxh6+ Nxh6 34. Rxh6+ Kxh6 35. Kc2 Kg6 36. Kd3 Kf6 37. Ke4 Ke6 38. f4 Kd7 39. Kd5
Kc7 40. Ke6 Kc6 41. Bd6 Kb5 42. f5 a4 43. f6 Kc4 44. f7 b3 45. axb3+ Kxb3 46.
f8=Q Kxb2 47. Ba3+ Kc2 48. Qf3 Kd2 49. Bb4+ Kc2 50. Qc3+ Kb1 51. Ba3 h4 52. Qb2#
1-0

[Event "OS INCLIVEIS"]
[Site "http://www.queenalice.com/game.php?id=1408961"]
[Date "2016.2.12"]
[Round "-"]
[White "adelio"]
[Black "axedre"]
[Result "1-0"]
[WhiteElo "1641"]
[BlackElo "2073"]

1. b4 e5 2. b5 d5 3. c4 d4 4. e4 Nf6 5. d3 Bb4+ 6. Bd2 c5 7. bxc6 Nxc6 8. Be2
O-O 9. h4 Qa5 10. h5 b5 11. g4 bxc4 12. Nh3 cxd3 13. Bf3 Bc3 14. g5 Nd7 15. g6
fxg6 16. hxg6 h6 17. Qb3+ Kh8 18. Nxc3 dxc3 19. Bxc3 Qa6 20. Ng5 Rxf3 21. Nxf3
Rb8 22. Qe6 Nf6 23. Qd6 Bg4 24. Nxe5 d2+ 25. Qxd2 Nxe5 26. Bxe5 Re8 27. f4 Nxe4
28. Rxh6+ Kg8 29. Rh8+ Kxh8 30. Qh2+ Kg8 31. Qh7+ Kf8 32. Qxg7# 1-0

[Event "Challenge"]
[Site "http://www.queenalice.com/game.php?id=1409644"]
[Date "2016.2.16"]
[Round "-"]
[White "szachograjek"]
[Black "axedre"]
[Result "1-0"]
[WhiteElo "2202"]
[BlackElo "2043"]

1. e4 e5 2. Nf3 Nc6 3. d4 exd4 4. Bc4 Nf6 5. e5 d5 6. Bb5 Ne4 7. Nxd4 Bd7 8.
Bxc6 bxc6 9. O-O Bc5 10. Be3 Qe7 11. f3 Nd6 12. Bf2 Nf5 13. c3 O-O 14. Re1 Bb6
15. Nd2 Qg5 16. a4 Nh4 17. Bg3 Rae8 18. f4 Qh6 19. a5 Bc5 20. Nb3 Be7 21. Qc2 c5
22. Ne2 Bf5 23. Qd2 Be4 24. Bxh4 Qxh4 25. Ng3 c4 26. Nd4 Bc5 27. Nxe4 dxe4 28.
Rxe4 f5 29. Ree1 1-0

[Event "OS INCLIVEIS"]
[Site "http://www.queenalice.com/game.php?id=1508304"]
[Date "2017.12.17"]
[Round "-"]
[White "adelio"]
[Black "axedre"]
[Result "0-1"]
[WhiteElo "1588"]
[BlackElo "2030"]

1. d4 f5 2. h4 Nf6 3. h5 Nc6 4. c4 d6 5. f3 e5 6. d5 Ne7 7. Nc3 Bd7 8. a4 c6 9.
a5 cxd5 10. Nxd5 Nexd5 11. cxd5 Qc7 12. Bg5 h6 13. Bxf6 gxf6 14. b4 Qc3+ 15. Kf2
Rc8 16. g3 Qxb4 17. e3 Rc5 18. Ne2 Rxa5 19. Rb1 Qc5 20. Rxb7 Qxd5 21. Rb8+ Kf7
22. Qxd5+ Rxd5 23. Kg2 Bg7 24. Rb7 Ke7 25. Rxa7 Rc8 26. Kf2 Rdc5 27. Bg2 R8c7
28. Rxc7 Rxc7 29. f4 e4 30. Bh3 Rc2 31. Re1 Ke6 32. Kf1 Bb5 33. Kf2 d5 34. Kf1
Bf8 35. g4 fxg4 36. Bxg4+ f5 37. Bh3 Bb4 38. Kf2 Bxe1+ 39. Kxe1 Rxe2+ 40. Kd1
Rxe3 41. Kd2 Rxh3 0-1

[Event "OS INCLIVEIS"]
[Site "http://www.queenalice.com/game.php?id=1508305"]
[Date "2017.12.17"]
[Round "-"]
[White "axedre"]
[Black "adelio"]
[Result "1-0"]
[WhiteElo "2034"]
[BlackElo "1567"]

1. e4 a6 2. d4 c5 3. Nf3 d6 4. dxc5 e6 5. e5 Qa5+ 6. Nc3 dxc5 7. Bd3 Be7 8. O-O
h5 9. Be3 Nc6 10. a3 Qd8 11. Qe2 h4 12. Rad1 Bd7 13. Rfe1 Nd4 14. Bxd4 cxd4 15.
Nxd4 b5 16. Qg4 g6 17. Bxg6 Nh6 18. Bxf7+ Nxf7 19. Nxe6 Bxe6 20. Rxd8+ Nxd8 21.
Qf3 Ra7 22. Nd5 Rd7 23. Nf6+ Bxf6 24. exf6 Rd6 25. Qf4 Rb6 26. Qc7 Rb7 27. Rxe6+
Nxe6 28. Qxb7 O-O 29. Qe7 Rxf6 30. Qxf6 Ng7 31. f4 a5 32. Kf2 b4 33. Ke3 bxa3
34. bxa3 a4 35. Ke4 h3 36. g3 Nh5 37. Qg6+ Ng7 38. f5 Kf8 39. Qxg7+ Kxg7 40. Ke5
Kf7 41. f6 Kf8 42. Ke6 Ke8 43. f7+ Kf8 44. c4 Kg7 45. Ke7 Kg6 46. f8=Q Kg5 47.
Ke6 Kg6 48. Qg8+ Kh5 49. Kf6 Kh6 50. Qh8# 1-0

[Event "OS INCLIVEIS"]
[Site "http://www.queenalice.com/game.php?id=1508317"]
[Date "2017.12.17"]
[Round "-"]
[White "adelio"]
[Black "axedre"]
[Result "0-1"]
[WhiteElo "1541"]
[BlackElo "2036"]

1. e4 e5 2. Nf3 Nc6 3. d4 exd4 4. Nxd4 Nf6 5. f3 Bc5 6. c3 d6 7. b4 Bb6 8. Be2
h6 9. Be3 O-O 10. O-O Re8 11. Kh1 Bxd4 12. Bxd4 Be6 13. Bxf6 Qxf6 14. g4 Rad8
15. Qe1 d5 16. h4 d4 17. Bd3 dxc3 18. Qxc3 Qxc3 19. Nxc3 Rxd3 20. Nd5 Bxd5 21.
exd5 Rxd5 22. f4 Rd2 23. Rae1 Ree2 24. Rxe2 Rxe2 25. h5 Nxb4 26. a3 Nd3 27. g5
Re1 28. Kg2 Rxf1 29. Kxf1 Nxf4 30. gxh6 gxh6 31. Kf2 Kg7 32. a4 Kf6 33. a5 Kf5
34. a6 b6 35. Ke3 Nxh5 36. Kd4 c6 37. Kc4 Ke4 38. Kc3 Ke3 39. Kc4 f5 40. Kc3 f4
41. Kc4 f3 42. Kc3 f2 43. Kc4 f1=Q+ 44. Kc3 Qc1+ 45. Kb3 Kd4 46. Kb4 Qb2+ 47.
Ka4 b5+ 48. Ka5 Qa3# 0-1

[Event "OS INCLIVEIS"]
[Site "http://www.queenalice.com/game.php?id=1508318"]
[Date "2017.12.17"]
[Round "-"]
[White "axedre"]
[Black "adelio"]
[Result "1-0"]
[WhiteElo "2032"]
[BlackElo "1586"]

1. e4 a6 2. d4 c5 3. Nf3 d6 4. Bc4 e6 5. O-O b5 6. Be2 Nc6 7. c3 c4 8. Bf4 Be7
9. Re1 h5 10. d5 Ne5 11. Nxe5 dxe5 12. Bxe5 Bf6 13. f4 g6 14. b3 exd5 15. exd5
Bf5 16. Bf3 Ra7 17. Bxf6+ Re7 18. Rxe7+ Nxe7 19. Bxh8 Bg4 20. bxc4 Kd7 21. Bxg4+
hxg4 22. Qxg4+ Nf5 23. Bd4 Kc7 24. Be5+ Kb6 25. Na3 Ne3 26. Bd4+ Kb7 27. Bxe3
Qc8 28. Qxc8+ Kxc8 29. cxb5 a5 30. c4 a4 31. c5 f6 32. d6 g5 33. fxg5 fxg5 34.
Bxg5 Kd7 35. Be7 Kc8 36. c6 Kb8 37. b6 Ka8 38. Nb5 a3 39. b7+ Kb8 40. Nxa3 Ka7
41. Rb1 Kb8 42. c7+ Ka7 43. c8=R Ka6 44. Ra8# 1-0

[Event "Birthday Challenge!"]
[Site "http://www.queenalice.com/game.php?id=1579813"]
[Date "2019.8.9"]
[Round "-"]
[White "Fauquinelle"]
[Black "axedre"]
[Result "0-1"]
[WhiteElo "2031"]
[BlackElo "2038"]

1. d4 f5 2. c4 Nf6 3. g3 g6 4. Bg2 Bg7 5. Nf3 O-O 6. O-O d6 7. Nc3 Qe8 8. Ng5 c6
9. d5 h6 10. dxc6 bxc6 11. Nf3 e5 12. Qxd6 e4 13. Nd4 Rf7 14. Qc5 Bb7 15. Nb3
Na6 16. Qe3 Nb4 17. Qf4 Rd8 18. Nc5 Bc8 19. Rd1 Rxd1+ 20. Nxd1 Nc2 21. Rb1 Nd4
22. Bf1 g5 23. Qe3 Qe5 24. Nd3 Qd6 25. c5 Qd8 26. Ne5 Rc7 27. Nc3 Ng4 28. Nxg4
fxg4 29. Qxe4 Bf5 30. Qe3 Bxb1 31. Nxb1 Re7 32. Qd2 Rd7 33. Qe3 Qe7 34. Qxe7
Rxe7 35. Nc3 Re5 36. b4 a5 37. a3 axb4 38. axb4 Re8 39. e3 Nf3+ 0-1